Normal view
MARC view
Entry Personal Name
001 - CONTROL NUMBER
- control field: 49253
003 - CONTROL NUMBER IDENTIFIER
- control field: ARRUPE
005 - DATE AND TIME OF LATEST TRANSACTION
- control field: 20200203090052.0
008 - FIXED-LENGTH DATA ELEMENTS
- fixed length control field: 200203|| aca||aabn | a|a d
040 ## - CATALOGING SOURCE
- Original cataloging agency: ARRUPE
- Transcribing agency: ARRUPE
100 ## - HEADING--PERSONAL NAME
- Personal name: Huddleston, Trevor,
- Dates associated with a name: 1913-1998.
670 ## - SOURCE DATA FOUND
- Source citation: Work cat.: (ARRUPE)0: Trevor Huddleston :, 1988.